000 01627nam a2200373 a 4500
003 CHAP
005 20220329143446.0
008 091026s2005 mx r 10000 spa d
010 _a96952
011 _a97924
035 _a108598
040 _cCHAP
082 0 4 _a615.532
_bF76 2008
111 2 _aForo Inter-institucional avances de la Investigación en Homeopatía Humana, Veterinaria y Agrohomeopatía (
_n5to :
_d2008 :
_cChapingo, Méx.)
_942452
245 1 0 _aMemoria
_c/por Instituto Politécnico Nacional, Universidad Nacional Autónoma de México y Universidad Autónoma Chapingo.
260 _aChapingo, Méx. :
_bUACH. Centros Regionales Universitarios,
_c2005
300 _a123 p. :
_bilus., cuadros, gráfs.
590 _aBATCH-UPD
_b10
_c20130110
_lUCH01
_h0914
590 _aBATCH-UPD
_b10
_c20130410
_lUCH01
_h0538
590 _aBATCH-UPD
_b10
_c20130914
_lUCH01
_h1429
590 _aCONVERSION
_b10
_c20130109
_lUCH01
_h1354
650 1 4 _aHomeopatía en agricultura.
_956057
650 1 4 _aHomeopatía en medicina veterinaria.
_956058
650 1 4 _aHomeopatia.
_956056
650 1 4 _aMateria médica.
_972929
901 _aBK
911 _aen proceso
942 _cLIBRO
949 _a615.532 F76 2008
_bBC
_cLIBRO
_d33724002080819
_eLIBRO
_fc.5
_h111190
_i108598
_sb
949 _a615.532 F76 2008
_bBC
_cLIBRO
_d33724002080892
_eLIBRO
_fc.4
_h111189
_i108598
_sb
949 _a615.532 F76 2008
_bBC
_cLIBRO
_d33724002080934
_eLIBRO
_fc.3
_h111188
_i108598
_sb
949 _a615.532 F76 2008
_bBC
_cLIBRO
_d33724002080975
_eLIBRO
_fc.2
_h111187
_i108598
_si
949 _a615.532 F76 2008
_bBC
_cUACH
_d33724002080850
_eUACH
_h111186
_i108598
_sb
999 _c96952
_d96952